Statistics for Daft Punk - Face To Face Lyrics

Click here to take the quiz!

General Stats

  • This quiz has been taken 21 times
  • The average score is 80 of 125

Answer Stats

Lyrics% Correct
I
100%
be
93%
face
93%
to
93%
a
87%
in
87%
It
87%
it
87%
you
87%
you,
87%
my
80%
not
80%
the
80%
your
80%
go
73%
it's
73%
It's
73%
make
73%
on?
73%
this
73%
answer
67%
Could
67%
going
67%
that
67%
view
67%
was
67%
what
67%
What's
67%
amazing
60%
being
60%
But
60%
clear
60%
demanding
60%
distant
60%
fault,
60%
find
60%
is
60%
me
60%
too
60%
understanding?
60%
When
60%
when
60%
different
53%
Just
53%
sense
53%
someone
53%
you'll
53%
about
47%
admit,
47%
All
47%
because
47%
blind
47%
confusion
47%
didn't
47%
distance
47%
finally
47%
get
47%
leave
47%
made
47%
must
47%
really
47%
There's
47%
thought
47%
you'd
47%
blank
40%
bottom
40%
hard
40%
hit
40%
hoped
40%
involved
40%
mere
40%
much
40%
problem
40%
until
40%
were
40%
wrong,
40%
always
33%
faced
33%
forget,
33%
illusion
33%
know
33%
pride
33%
realised
33%
Tried
33%
unresolved
33%
weren't
33%
away
27%
turned
27%
Fear
20%
will
20%

Score Distribution

Percentile by Number Answered

Percent of People with Each Score

Your Score History

You have not taken this quiz